[Event "CRO-ch U19"]
[Site "Bjelolasica"]
[Date "2009.08.01"]
[Round "9"]
[White "Lorger, Ivan"]
[Black "Saric, Ivan"]
[Result "0-1"]
[WhiteElo "1778"]
[BlackElo "2561"]
[PlyCount "62"]
[EventDate "2009.07.26"]
[EventType "swiss"]
[EventRounds "9"]
[EventCountry "CRO"]
[SourceTitle "CBM 131 Extra"]
[Source "ChessBase"]
[SourceDate "2009.09.03"]
[SourceVersion "2"]
[SourceVersionDate "2009.09.16"]
[SourceQuality "1"]

1. d4 Nf6 2. Bg5 d5 3. e3 c5 4. Nf3 Ne4 5. Bf4 Qb6 6. Nc3 Nxc3 7. bxc3 Nc6 8. Be2 Qa5 9. Qd2 e6 10. 0-0 Be7 11. Rfd1 c4 12. Ne5 0-0 13. f3 Nxe5 14. Bxe5 f6 15. Bg3 Bd7 16. e4 b5 17. a3 Qb6 18. Ra2 a5 19. Rda1 Qb7 20. e5 Be8 21. f4 fxe5 22. fxe5 Bg6 23. Bg4 Bf5 24. Bxf5 Rxf5 25. Rf1 Rxf1+ 26. Kxf1 Rf8+ 27. Kg1 b4 28. axb4 axb4 29. cxb4 Bxb4 30. Rb2 Bxd2 31. Rxb7 Be3+ 0-1

[Event "CRO-ch U19"]
[Site "Bjelolasica"]
[Date "2009.07.28"]
[Round "4"]
[White "Lorger, Ivan"]
[Black "Ivandija, Martin"]
[Result "0-1"]
[WhiteElo "1778"]
[BlackElo "1729"]
[PlyCount "60"]
[EventDate "2009.07.26"]
[EventType "swiss"]
[EventRounds "9"]
[EventCountry "CRO"]
[SourceTitle "CBM 131 Extra"]
[Source "ChessBase"]
[SourceDate "2009.09.03"]
[SourceVersion "2"]
[SourceVersionDate "2009.09.16"]
[SourceQuality "1"]

1. d4 Nf6 2. Nf3 e6 3. g3 b6 4. Bg2 Bb7 5. 0-0 Be7 6. c4 0-0 7. Nc3 d5 8. Bg5 Nbd7 9. cxd5 exd5 10. Ne5 Re8 11. Qb3 h6 12. Nxd5 Nxd5 13. Bxe7 Rxe7 14. Nxd7 Rxd7 15. e3 Rc8 16. a4 c5 17. dxc5 Rxc5 18. Rfd1 Qe7 19. Rd3 Nf6 20. Bxb7 Rxb7 21. Rad1 Rbc7 22. Rd8+ Kh7 23. Qd3+ Qe4 24. f3 Qxd3 25. R8xd3 Rc1 26. Kf2 Rxd1 27. Rxd1 Rc2+ 28. Ke1 Rxb2 29. Ra1 Rxh2 30. a5 Rh1+ 0-1